000 00457nam a2200145Ia 4500
008 230917s9999||||xx |||||||||||||| ||und||
040 _e44207
_aMAIN
041 _aEnglish
082 _a491.215 U6M
100 _aUhlenbeck, C C
245 0 _aManual of Sanskrit phonetics: In comparison with the indogermanic, mother-language, for students of Germanic and class
260 _aNew Delhi
_bMunshiram Manoharlal
_c1998
300 _axii, 115 p.
942 _cBK
999 _c160420
_d160420